000 00918nmc a2200337 a 4500
003 AR-BaBNM
005 20251128204100.0
008 255019s1988 ||||||||||||||000 | spa||
040 _cAR-BaBNM
100 1 _aMaiakovski, Vladimir
245 1 0 _aSobre los poetas y otros poemas
260 _aBuenos Aires
_bCentro Editor de América Latina
_c1988
300 _a31 p.
_bil.
490 0 _aLos grandes poetas
_vv. 22
650 4 _aPOETAS
650 4 _aLITERATURA RUSA
650 4 _aANALISIS LITERARIO
650 4 _aCRITICA LITERARIA
650 4 _aCAMBIO CULTURAL
650 4 _aPROCESOS SOCIALES
653 _aMEMORIAS
653 _aFUTURISMO
653 _aPOESIA POLITICA
653 _aVANGUARDIAS LITERARIAS
655 _aLITERATURA
700 1 _aBogdaschevski, Irina
_etraductor
700 1 _aSapia, Armando
_eilustrador
800 1 _aLafforgue, Jorge
_edirector
942 _cBK
998 _cEthel
999 _c6097
_d6097